[Event "Turtle Speed # 14"]
[Site "SchemingMind.com"]
[Date "2008.12.24"]
[Round "-"]
[White "thewallstreetpirate"]
[Black "adamsrichg"]
[Result "0-1"]
[WhiteCountry "USA"]
[BlackCountry "USA"]
[WhiteElo "1171"]
[WhiteRD "118"]
[BlackElo "1927"]
[BlackRD "69"]
[GameID "184958"]

1. Nf3 c5 2. Nc3 Nc6 3. e4 g6 4. Bc4 Bg7 5. Nh4 Nf6 6. d3 O-O 7. f4 e6 8. Rf1 Nxe4 9. Nxe4 Qxh4+ 10. g3 Qe7
11. c3 d5 12. Nxc5 dxc4 13. Be3 b6 14. Ne4 cxd3 15. Qxd3 Rd8 16. Qc4 Bb7 17. Rd1 Na5 18. Qa4 Bc6 19. Rxd8+ Rxd8 20. Qa3 Qxa3
21. bxa3 Bxe4 22. c4 Nxc4 23. Bc1 Bb2 24. Be3 Nxe3 25. Ke2 Nxf1
0-1

[Event "Turtle Speed # 14"]
[Site "SchemingMind.com"]
[Date "2008.12.24"]
[Round "-"]
[White "thewallstreetpirate"]
[Black "Brian Acebo"]
[Result "0-1"]
[WhiteCountry "USA"]
[BlackCountry "USA"]
[WhiteElo "1201"]
[WhiteRD "95"]
[BlackElo "1591"]
[BlackRD "67"]
[GameID "184959"]

1. d4 d5 2. Nc3 Nf6 3. Nf3 e6 4. Ne5 Bb4 5. Bg5 Bxc3+ 6. bxc3 h6 7. Bxf6 Qxf6 8. e3 Nd7 9. Nxd7 Bxd7 10. Rb1 b6
11. Bb5 Bxb5 12. Rxb5 c6 13. Rb2 O-O 14. f4 Qh4+ 15. g3 Qh3 16. Qe2 f5 17. c4 g5 18. Rg1 g4 19. Qg2 Qh5 20. cxd5 exd5
21. Rh1 Qg6 22. h4 h5 23. c3 Rfe8 24. Qe2 Qe6 25. a4 Qxe3 26. Qxe3 Rxe3+ 27. Kf2 Rxc3 28. Ra1 Re8 29. a5 b5 30. a6 Ree3
31. Re1 Rxe1 32. Kxe1 Kf7 33. Rg2 Ra3 34. Kf2 Rxa6 35. Kg1 Ra4 36. Rc2 Rc4 37. Ra2 Ra4 38. Rc2 Rc4 39. Rb2 Rxd4 40. Ra2 Ra4
41. Rc2 Ra6 42. Rb2 Rb6 43. Ra2 a6 44. Ra1 c5 45. Rd1 d4 46. Re1 Re6 47. Ra1 c4 48. Rd1 d3 49. Kf1 a5 50. Rd2 b4
51. Ra2 Ra6 52. Ke1 c3 53. Kd1 b3 54. Ra3 b2 55. Rxc3 b1=Q+ 56. Rc1 Qb3+ 57. Kd2 Re6 58. Rc3 Qb2+ 59. Kxd3 Rd6+ 60. Kc4 Qb4#
0-1

[Event "Turtle Speed # 14"]
[Site "SchemingMind.com"]
[Date "2008.12.24"]
[Round "-"]
[White "thewallstreetpirate"]
[Black "Kobiahshi"]
[Result "0-1"]
[WhiteCountry "USA"]
[BlackCountry "USA"]
[WhiteElo "1185"]
[WhiteRD "97"]
[BlackElo "1600"]
[BlackRD "73"]
[GameID "184960"]

1. c4 c5 2. d3 g6 3. e4 Bg7 4. Qf3 Nc6 5. Nh3 Nf6 6. e5 Nd4 7. Qg3 Nh5 8. Qh4 Nc2+ 9. Kd1 Nxa1 10. Ng5 e6
11. Be2 Bxe5 12. Bxh5 Bf6 13. Bf3 h6 14. Ne4 Bxh4
0-1

[Event "Turtle Speed # 14"]
[Site "SchemingMind.com"]
[Date "2008.12.24"]
[Round "-"]
[White "thewallstreetpirate"]
[Black "AycaguerMarcel"]
[Result "0-1"]
[WhiteCountry "USA"]
[BlackCountry "URU"]
[WhiteElo "1171"]
[WhiteRD "118"]
[BlackElo "1643"]
[BlackRD "69"]
[GameID "184961"]

1. Nf3 Nf6 2. d4 d5 3. e3 Bg4 4. Nc3 Nbd7 5. h3 Bh5 6. g4 Bg6 7. Ne5 Qb8 8. Bb5 c6 9. Nxd7 Nxd7 10. Bd3 e5
11. dxe5 Nxe5 12. f4 Nxd3+ 13. cxd3 Be7 14. f5 Bb4 15. a3 Qg3+ 16. Kf1 h5 17. axb4 hxg4 18. Ne2 Qf3+ 19. Kg1 Rxh3 20. Rxh3 Qxh3
21. fxg6 g3 22. gxf7+ Kd7 23. Nxg3 Qxg3+ 24. Kf1 Rf8 25. Qh5 g6 26. Qh6 Rxf7+ 27. Qf4 Rxf4+ 28. exf4 Qxd3+ 29. Ke1 Qg3+ 30. Kd1 Qf3+
31. Ke1 Ke6 32. Rxa7 d4 33. Rxb7 d3 34. Kd2 Qe2+ 35. Kc3 Qc2+ 36. Kd4 Kd6 37. Be3 d2 38. Bxd2 Qxd2+ 39. Ke4 Qe2+ 40. Kd4 Qxb2+
41. Kc4 Ke6 42. Kc5 Qc3+ 43. Kb6 Kd6 44. b5 cxb5 45. Kxb5 Qc6+ 46. Ka5 Qxb7 47. Ka4 Kc5 48. Ka3 Kc4 49. Ka2 Kc3 50. f5 Qb2#
0-1

[Event "Turtle Speed # 14"]
[Site "SchemingMind.com"]
[Date "2008.12.28"]
[Round "-"]
[White "thewallstreetpirate"]
[Black "ApolloM"]
[Result "0-1"]
[WhiteCountry "USA"]
[BlackCountry "CZE"]
[WhiteElo "1171"]
[WhiteRD "118"]
[BlackElo "2124"]
[BlackRD "97"]
[GameID "184962"]

1. Nc3 d5 2. e4 d4 3. Nd5 e5 4. Nf3 c6 5. Nb4 Bxb4 6. c3 dxc3 7. dxc3 Qxd1+ 8. Kxd1 Bd6 9. Bc4 Nf6 10. Ng5 O-O
11. Rf1 h6 12. Nh3 Nxe4 13. Re1 Bxh3 14. Rxe4 Bxg2 15. Rg4 Bf3+ 16. Be2 Bxg4 17. Bxg4 f5 18. Bh3 Nd7 19. c4 e4 20. a4 Bxh2
21. Ra3 Ne5 22. f4 exf3 23. b3 Rad8+ 24. Bd2 Bf4 25. Ra2 Rfe8 26. Bxf5 f2 27. Ke2 Ng4+ 28. Kf3 f1=Q+ 29. Kxg4 Qg2+ 30. Kh5 Qg5#
0-1

[Event "Turtle Speed # 14"]
[Site "SchemingMind.com"]
[Date "2008.12.24"]
[Round "-"]
[White "Negrito19"]
[Black "thewallstreetpirate"]
[Result "1-0"]
[WhiteCountry "ARG"]
[BlackCountry "USA"]
[WhiteElo "1612"]
[WhiteRD "58"]
[BlackElo "1171"]
[BlackRD "118"]
[GameID "184963"]

1. e4 Nf6 2. Nc3 d6 3. d4 c5 4. dxc5 dxc5 5. Qxd8+ Kxd8 6. Bf4 Nh5 7. Be3 Nc6 8. O-O-O+ Bd7 9. Bxc5 b6 10. Be3 e5
11. Ba6 Bb4 12. Nd5 f6 13. Bb7 Rb8 14. Bxc6 Bxc6 15. Nxf6+ Ke7 16. Nxh5 Bxe4 17. f3 Bf5 18. c3 Rbc8 19. Ne2 g6 20. Bg5+ Ke8
21. Ng7+ Kf7 22. Nxf5 gxf5 23. a3 Be7 24. Rd7 Rhe8 25. f4 Rcd8 26. Rxd8 Rxd8 27. Bxe7 Kxe7 28. fxe5 Ke6 29. Re1 Rg8 30. Nd4+ Kd5
31. g3 a5 32. Nxf5 Rf8 33. g4 h5 34. h3 hxg4 35. hxg4 Rg8 36. Ne7+ Kc5 37. Nxg8 Kc4 38. e6 b5 39. Re4+ Kb3 40. e7 b4
41. cxb4 axb4 42. axb4 Ka4 43. e8=Q+ Kb3 44. Qe6+ Ka4 45. Qa6+ Kb3 46. Qa3#
1-0

[Event "Turtle Speed # 14"]
[Site "SchemingMind.com"]
[Date "2008.12.24"]
[Round "-"]
[White "adamsrichg"]
[Black "thewallstreetpirate"]
[Result "1-0"]
[WhiteCountry "USA"]
[BlackCountry "USA"]
[WhiteElo "1927"]
[WhiteRD "69"]
[BlackElo "1171"]
[BlackRD "118"]
[GameID "184964"]

1. e4 d6 2. d4 Nf6 3. Nc3 Nc6 4. Nf3 Bg4 5. Be2 Rb8 6. Be3 e5 7. dxe5 dxe5 8. O-O Qxd1 9. Rfxd1 Bxf3 10. Bxf3 Nb4
11. Rd2 Rd8 12. Rad1 Bd6 13. a3 Nc6 14. Nd5 Nxd5 15. Rxd5 O-O 16. c4 f5 17. exf5 Rxf5 18. c5 Be7 19. Rxd8+ Nxd8 20. b4 Bg5
21. Bxg5 Rxg5 22. Rxd8+ Kf7 23. Rd7+ Ke8 24. Rxc7 Rg6 25. Rxb7 Ra6 26. Rxg7 Rxa3 27. h3 Rb3 28. Rb7 a5 29. bxa5 Rxb7 30. Bxb7 Kd8
31. a6 Kc7 32. f3 h5 33. Kf2 h4 34. Ke3 e4 35. Kxe4 Kb8 36. f4 Ka7 37. f5 Kb8 38. f6 Ka7 39. f7 Kb8 40. f8=Q+ Ka7
41. Qa8#
1-0

[Event "Turtle Speed # 14"]
[Site "SchemingMind.com"]
[Date "2008.12.24"]
[Round "-"]
[White "Brian Acebo"]
[Black "thewallstreetpirate"]
[Result "1-0"]
[WhiteCountry "USA"]
[BlackCountry "USA"]
[WhiteElo "1578"]
[WhiteRD "71"]
[BlackElo "1171"]
[BlackRD "118"]
[GameID "184965"]

1. e4 Nf6 2. e5 Nh5 3. Qxh5 g6 4. Qh4 d6 5. Nf3 Bg7 6. exd6 Qxd6 7. Bc4 Nc6 8. O-O Be6 9. Bxe6 Qxe6 10. Re1 Be5
11. d4 Nb4 12. Rxe5 Qf6 13. Qxf6 O-O-O 14. Qxf7 Nxc2 15. Qc4 Nxa1 16. b4 c6 17. Bb2 b5 18. Qxc6+ Kb8 19. Rxe7 Rxd4 20. Qb7#
1-0

[Event "Turtle Speed # 14"]
[Site "SchemingMind.com"]
[Date "2008.12.24"]
[Round "-"]
[White "Kobiahshi"]
[Black "thewallstreetpirate"]
[Result "1-0"]
[WhiteCountry "USA"]
[BlackCountry "USA"]
[WhiteElo "1664"]
[WhiteRD "73"]
[BlackElo "1211"]
[BlackRD "91"]
[GameID "184966"]

1. e4 Nf6 2. e5 Nd5 3. d4 d6 4. Nf3 Bg4 5. Be2 dxe5 6. Nxe5 Bxe2 7. Qxe2 f6 8. Nf3 Nf4 9. Bxf4 e5 10. Nc3 Nc6
11. dxe5 fxe5 12. O-O Bc5 13. Nxe5 Qf6 14. Nxc6+ Kf7 15. Ne5+ Ke6 16. Ng4+ Kf7 17. Nxf6 Kxf6 18. Qe5+ Kg6 19. Qxc5 b6 20. Qg5+ Kf7
21. Rfe1 Rae8 22. Qf5+ Kg8 23. Rxe8#
1-0

[Event "Turtle Speed # 14"]
[Site "SchemingMind.com"]
[Date "2008.12.24"]
[Round "-"]
[White "AycaguerMarcel"]
[Black "thewallstreetpirate"]
[Result "1-0"]
[WhiteCountry "URU"]
[BlackCountry "USA"]
[WhiteElo "1643"]
[WhiteRD "69"]
[BlackElo "1171"]
[BlackRD "118"]
[GameID "184967"]

1. c4 Nc6 2. d4 e6 3. Nc3 Qf6 4. e4 Nxd4 5. Be3 c5 6. f4 e5 7. Nd5 Qc6 8. fxe5 f5 9. Bxd4 cxd4 10. exf5 Ne7
11. Qxd4 Nxf5 12. Qc3 b5 13. Qa5 Kf7 14. g3 bxc4 15. Bg2 Rb8 16. Nh3 Rxb2 17. O-O Bc5+ 18. Kh1 Re8 19. Rxf5+ Kg8 20. Ne7+ Kh8
21. Nxc6 g6 22. Qxc5 d6 23. Qd4 Bxf5 24. exd6+ Kg8 25. Qxb2 Rc8 26. Ne7+ Kf8 27. Nxc8 Ke8 28. Qb7 Bxc8 29. Qe7#
1-0

[Event "Turtle Speed # 14"]
[Site "SchemingMind.com"]
[Date "2008.12.24"]
[Round "-"]
[White "ApolloM"]
[Black "thewallstreetpirate"]
[Result "1-0"]
[WhiteCountry "CZE"]
[BlackCountry "USA"]
[WhiteElo "2035"]
[WhiteRD "117"]
[BlackElo "1307"]
[BlackRD "220"]
[GameID "184968"]

1. e4 Nf6 2. e5 Nd5 3. d4 d6 4. Nf3 Nc6 5. c4 Nf4 6. Bxf4 f6 7. Nc3 Bf5 8. e6 Bxe6 9. d5 g5 10. dxc6 bxc6
11. Nd4 gxf4 12. Nxe6 Qc8 13. Qh5+ Kd7 14. Be2 Kxe6 15. Bg4+ f5 16. Qxf5#
1-0

[Event "Turtle Speed # 14"]
[Site "SchemingMind.com"]
[Date "2008.12.26"]
[Round "-"]
[White "holandes"]
[Black "Negrito19"]
[Result "0-1"]
[WhiteCountry "POR"]
[BlackCountry "ARG"]
[WhiteElo "1451"]
[WhiteRD "82"]
[BlackElo "1612"]
[BlackRD "58"]
[GameID "185086"]

1. e4 e5 2. a3 Nf6 3. Nc3 d5 4. Bd3 d4 5. Nce2 Nc6 6. Nf3 Bg4 7. Ng3 Qd7 8. h3 Be6 9. Bb5 Qd6 10. Qe2 a6
11. Bxc6+ bxc6 12. d3 c5 13. O-O h6 14. Bd2 Be7 15. Nh4 g6 16. f4 Ng4 17. hxg4 Bxh4 18. fxe5 Qb6 19. Nh1 Qxb2 20. Ba5 Qb7
21. Rab1 Qc6 22. Ra1 h5 23. g3 Bxg4 24. Qf2 Be7 25. Qxf7+ Kd7 26. Rf6 Be6 27. Qg7 Rhg8 28. Rxe6 Qxe6 29. Qh6 Rh8 30. Qf4 Raf8
31. Qd2 Qxe5 32. Rb1 h4 33. g4 Bg5 34. Qe2 Be3+ 35. Kg2 h3#
0-1

[Event "Turtle Speed # 14"]
[Site "SchemingMind.com"]
[Date "2008.12.25"]
[Round "-"]
[White "holandes"]
[Black "adamsrichg"]
[Result "1-0"]
[WhiteCountry "POR"]
[BlackCountry "USA"]
[WhiteElo "1508"]
[WhiteRD "86"]
[BlackElo "1911"]
[BlackRD "71"]
[GameID "185087"]

1. e4 c5 2. Nc3 g6 3. d4 cxd4 4. Qxd4 Nf6 5. e5 Nc6 6. Qd1 Nxe5 7. Nf3 Nc6 8. Bc4 Bg7 9. O-O O-O 10. Re1 e6
11. Bg5 d5 12. Bb5 Bd7 13. a4 a6 14. Bxc6 Bxc6 15. Qd2 Qb6 16. Bxf6 Bxf6 17. Qf4 Bg7 18. Nd1 Rac8 19. c3 Qc7 20. Qh4 Qd8
21. Qh3 Qd7 22. Ne3 Bxa4 23. Ng4 Bb5 24. Rad1 Qc7 25. Nh6+ Bxh6 26. Qxh6 f6 27. Rxe6 Bc6 28. Nd4 Qg7 29. Qe3 Rc7 30. Re1 Qf7
31. Qg3 Re8 32. Rxe8+ Bxe8 33. Nf5 Kh8 34. Qxc7 gxf5 35. Re7 Qg6 36. Qd8
1-0

[Event "Turtle Speed # 14"]
[Site "SchemingMind.com"]
[Date "2008.12.26"]
[Round "-"]
[White "holandes"]
[Black "Brian Acebo"]
[Result "0-1"]
[WhiteCountry "POR"]
[BlackCountry "USA"]
[WhiteElo "1463"]
[WhiteRD "80"]
[BlackElo "1591"]
[BlackRD "67"]
[GameID "185088"]

1. e4 c5 2. c4 d6 3. Nf3 g6 4. g3 Bg7 5. Bg2 e6 6. O-O Ne7 7. Nc3 O-O 8. d3 a6 9. Bg5 Bd7 10. a4 Nbc6
11. Re1 Bxc3 12. bxc3 Rb8 13. Qd2 Qa5 14. d4 cxd4 15. cxd4 Qxd2 16. Nxd2 Rfe8 17. c5 Nxd4 18. cxd6 Nec6 19. e5 Nc2 20. Bf6 Nxa1
21. Rxa1 Nd4 22. h4 h5 23. Ne4 b5 24. Nc5 Bc6 25. Bxc6 Nxc6 26. Nxa6 Rb7 27. Nc5 Ra7 28. d7 Rb8 29. axb5 Rxa1+ 30. Kg2 Nd8
31. Ne4 Rd1 32. Nd6 Rd3 33. Bxd8 Rxd8 34. b6 Rxd7 35. b7 Rb3 36. f4 Kf8 37. Kf2 Ke7 38. Ke2 Rbxb7 39. Kf1 Rb1+ 40. Ke2 Rb2+
41. Kf3 Rb3+ 42. Ke2 Rxg3
0-1

[Event "Turtle Speed # 14"]
[Site "SchemingMind.com"]
[Date "2008.12.26"]
[Round "-"]
[White "holandes"]
[Black "Kobiahshi"]
[Result "0-1"]
[WhiteCountry "POR"]
[BlackCountry "USA"]
[WhiteElo "1463"]
[WhiteRD "80"]
[BlackElo "1661"]
[BlackRD "72"]
[GameID "185089"]

1. e4 c5 2. Nf3 Nc6 3. b4 cxb4 4. d4 d6 5. Bc4 e6 6. c3 bxc3 7. Nxc3 d5 8. exd5 exd5 9. Bxd5 Bb4 10. Bxc6+ bxc6
11. Bb2 Nf6 12. O-O O-O 13. Ne5 Bb7 14. Na4 Rc8 15. Qb3 Ba6 16. Rfd1 Be2 17. Rdc1 Bd6 18. Nxc6 Qd7 19. d5 Rce8 20. Bd4 Ng4
21. g3 h5 22. Kg2 Qf5 23. Nxa7 Be5 24. Nc6 Bxd4 25. Nxd4 Qxf2+
0-1

[Event "Turtle Speed # 14"]
[Site "SchemingMind.com"]
[Date "2008.12.26"]
[Round "-"]
[White "holandes"]
[Black "AycaguerMarcel"]
[Result "0-1"]
[WhiteCountry "POR"]
[BlackCountry "URU"]
[WhiteElo "1471"]
[WhiteRD "84"]
[BlackElo "1493"]
[BlackRD "87"]
[GameID "185090"]

1. e4 e6 2. a3 d6 3. d4 d5 4. e5 c5 5. Be3 Nc6 6. Ne2 Qb6 7. b3 Nh6 8. c3 Nf5 9. g3 a5 10. Bg2 c4
11. bxc4 dxc4 12. d5 Nxe3 13. fxe3 Nxe5 14. e4 Nd3+
0-1

[Event "Turtle Speed # 14"]
[Site "SchemingMind.com"]
[Date "2008.12.28"]
[Round "-"]
[White "holandes"]
[Black "ApolloM"]
[Result "0-1"]
[WhiteCountry "POR"]
[BlackCountry "CZE"]
[WhiteElo "1451"]
[WhiteRD "82"]
[BlackElo "2124"]
[BlackRD "97"]
[GameID "185091"]

1. e4 e6 2. d4 d5 3. e5 c5 4. Be3 cxd4 5. Bxd4 Ne7 6. g4 Bd7 7. Nc3 Ng6 8. Nf3 Nc6 9. h4 h5 10. g5 Rc8
11. Qd2 Bb4 12. O-O-O Qa5 13. a3 Nxd4 14. Nxd4 Rxc3 15. bxc3 Qxa3+ 16. Kb1 Bxc3
0-1

[Event "Turtle Speed # 14"]
[Site "SchemingMind.com"]
[Date "2008.12.26"]
[Round "-"]
[White "holandes"]
[Black "thewallstreetpirate"]
[Result "1-0"]
[WhiteCountry "POR"]
[BlackCountry "USA"]
[WhiteElo "1451"]
[WhiteRD "82"]
[BlackElo "1171"]
[BlackRD "118"]
[GameID "185092"]

1. e4 e5 2. a3 Nf6 3. Nc3 c5 4. Nf3 d6 5. Bc4 Be6 6. Ba2 Nc6 7. O-O Bxa2 8. Rxa2 Nd4 9. Nxd4 cxd4 10. Nd5 Rc8
11. b3 Nxe4 12. Re1 Rc5 13. Nb4 a5 14. Nd3 f5 15. Nxc5 dxc5 16. Qh5+ g6 17. Qf3 h5 18. Qe2 b5 19. f3 h4 20. fxe4 fxe4
21. Qxe4 Bd6 22. b4 cxb4 23. axb4 Rf8 24. Qxg6+ Rf7 25. d3 Bxb4 26. Rxe5+ Be7 27. Bg5 Kf8 28. Bh6+ Ke8 29. Rf5 Qd6 30. Qxf7+ Kd7
31. Rd5 a4 32. Rxd6+ Kxd6 33. Qf4+ Kc6 34. Qxd4 b4 35. Rxa4 h3 36. Ra6+ Kb5 37. Qb6#
1-0

[Event "Turtle Speed # 14"]
[Site "SchemingMind.com"]
[Date "2008.12.26"]
[Round "-"]
[White "Negrito19"]
[Black "holandes"]
[Result "1-0"]
[WhiteCountry "ARG"]
[BlackCountry "POR"]
[WhiteElo "1612"]
[WhiteRD "58"]
[BlackElo "1451"]
[BlackRD "82"]
[GameID "185093"]

1. e4 e5 2. Nf3 Nc6 3. Bb5 d6 4. Bxc6+ bxc6 5. Nc3 Ba6 6. d4 Qe7 7. Be3 h6 8. dxe5 dxe5 9. Nd2 O-O-O 10. Qg4+ Kb7
11. b3 Nf6 12. Qf3 Qe6 13. Na4 Nd7 14. c4 Bb4 15. O-O Nf6 16. a3 Bxd2 17. Bxd2 Qe7 18. Bb4 Qe8 19. Nc5+ Kb6 20. a4
1-0

[Event "Turtle Speed # 14"]
[Site "SchemingMind.com"]
[Date "2008.12.26"]
[Round "-"]
[White "adamsrichg"]
[Black "holandes"]
[Result "1-0"]
[WhiteCountry "USA"]
[BlackCountry "POR"]
[WhiteElo "1901"]
[WhiteRD "73"]
[BlackElo "1463"]
[BlackRD "80"]
[GameID "185094"]

1. e4 e6 2. d4 d5 3. Nd2 c5 4. exd5 Qxd5 5. Ngf3 cxd4 6. Bc4 Qd8 7. O-O a6 8. Nb3 Nf6 9. Nbxd4 Be7 10. Be3 O-O
11. Qd2 b5 12. Bd3 Bb7 13. Rad1 Nc6 14. Nxc6 Bxc6 15. Qe2 Qc7 16. h3 Rad8 17. c4 Qb7 18. cxb5 Bxb5 19. b3 Rd7 20. Bxb5 axb5
21. Ne5 Rd5 22. Rxd5 Qxd5 23. Nf3 Rd8 24. Rc1 h6 25. Qc2 Ba3 26. Rf1 b4 27. Nd2 Rd6 28. Nc4 Rc6 29. Rd1 Qf5 30. Qxf5 exf5
31. Rd8+ Kh7 32. Ra8 Ne4 33. Nxa3 bxa3 34. Rxa3 Rc2 35. Ra7 f6 36. b4 Nc3 37. a4 Ra2 38. a5 Ra4 39. Rb7 Nd5 40. Bc5 Kg6
41. Bf8 h5 42. Rxg7+
1-0

[Event "Turtle Speed # 14"]
[Site "SchemingMind.com"]
[Date "2008.12.27"]
[Round "-"]
[White "Brian Acebo"]
[Black "holandes"]
[Result "0-1"]
[WhiteCountry "USA"]
[BlackCountry "POR"]
[WhiteElo "1549"]
[WhiteRD "66"]
[BlackElo "1508"]
[BlackRD "86"]
[GameID "185095"]

1. d4 Nf6 2. c4 e6 3. Nc3 Bb4 4. Bd2 O-O 5. Nf3 b6 6. g3 Bb7 7. Bg2 Be7 8. O-O Na6 9. a3 c5 10. dxc5 bxc5
11. Rb1 d5 12. cxd5 exd5 13. e3 Rb8 14. Ne2 Qb6 15. Bc3 Ne4 16. Ne5 Rfd8 17. Qc2 Nxc3 18. Nxc3 d4 19. exd4 cxd4 20. Ne2 Bxg2
21. Kxg2 Rbc8 22. Qd2 d3 23. Nxd3 Nc5 24. Nec1 Qb7+ 25. Kg1 Ne6 26. Qe3 Nd4 27. f3 Bxa3 28. Ne2 Nc2 29. Qd2 Bxb2 30. Qf4 Rxd3
31. Rf2 Ne3 32. Qh4 Bc1
0-1

[Event "Turtle Speed # 14"]
[Site "SchemingMind.com"]
[Date "2008.12.27"]
[Round "-"]
[White "Kobiahshi"]
[Black "holandes"]
[Result "0-1"]
[WhiteCountry "USA"]
[BlackCountry "POR"]
[WhiteElo "1664"]
[WhiteRD "73"]
[BlackElo "1513"]
[BlackRD "83"]
[GameID "185096"]

1. d4 d5 2. c4 c6 3. Nc3 e5 4. dxe5 d4 5. Ne4 Qa5+ 6. Bd2 Qxe5 7. Ng3 Nf6 8. Nf3 Qd6 9. e3 c5 10. Bd3 Nc6
11. O-O Be7 12. b3 Bg4 13. Nf5 Bxf5 14. Bxf5 O-O 15. exd4 Nxd4 16. Re1 Nxf5 17. Qc2 Nd4 18. Qc3 Rfd8 19. Bc1 Rac8 20. Bb2 Ng4
21. a3 Bf6 22. Rad1 Nxf3+ 23. Qxf3 Qxh2+ 24. Kf1 Qh1+ 25. Ke2 Re8+ 26. Kd2 Rxe1 27. Kc1 Bxb2+ 28. Kc2 Rxd1 29. Qxb7 Rcd8 30. b4 Qe1
31. Kxb2 Rb1+
0-1

[Event "Turtle Speed # 14"]
[Site "SchemingMind.com"]
[Date "2008.12.26"]
[Round "-"]
[White "AycaguerMarcel"]
[Black "holandes"]
[Result "1-0"]
[WhiteCountry "URU"]
[BlackCountry "POR"]
[WhiteElo "1643"]
[WhiteRD "69"]
[BlackElo "1451"]
[BlackRD "82"]
[GameID "185097"]

1. e4 e5 2. Nf3 Nc6 3. Bb5 d6 4. c3 Bd7 5. O-O Nce7 6. Be2 h6 7. d4 Ng6 8. Qb3 b6 9. Rd1 Nf6 10. Bc4 Qe7
11. dxe5 dxe5 12. Na3 Nxe4 13. Bd5 Rd8 14. Bxe4 Be6 15. Qa4+ Bd7 16. Nb5 Qc5 17. c4 f5 18. Be3 Qb4 19. Nxc7+ Kf7 20. Rxd7+ Rxd7
21. Qxd7+ Kg8 22. Bd5+ Kh7 23. Nxe5 Nxe5 24. Qxf5+ Ng6 25. Bf7 Qd6 26. Ne6
1-0

[Event "Turtle Speed # 14"]
[Site "SchemingMind.com"]
[Date "2008.12.28"]
[Round "-"]
[White "ApolloM"]
[Black "holandes"]
[Result "1-0"]
[WhiteCountry "CZE"]
[BlackCountry "POR"]
[WhiteElo "2124"]
[WhiteRD "97"]
[BlackElo "1451"]
[BlackRD "82"]
[GameID "185098"]

1. d4 d5 2. Nf3 h6 3. g3 b6 4. c4 Nf6 5. cxd5 Nxd5 6. e4 Nb4 7. Qa4+ N4c6 8. d5 Bd7 9. dxc6 Bxc6 10. Bb5 f6
11. Bxc6+ Nxc6 12. Qxc6+ Kf7 13. Nc3 Rc8 14. e5 Kg8 15. Be3 Kh7 16. Rd1 Qe8 17. Qxe8 Rxe8 18. Rd7
1-0

[Event "Turtle Speed # 14"]
[Site "SchemingMind.com"]
[Date "2008.12.26"]
[Round "-"]
[White "thewallstreetpirate"]
[Black "holandes"]
[Result "0-1"]
[WhiteCountry "USA"]
[BlackCountry "POR"]
[WhiteElo "1171"]
[WhiteRD "118"]
[BlackElo "1451"]
[BlackRD "82"]
[GameID "185099"]

1. c4 e5 2. d4 e4 3. Nc3 Nf6 4. f3 exf3 5. Nxf3 h6 6. Bf4 Na6 7. Nb5 g5 8. Bxc7 Nxc7 9. Qa4 Na6 10. Ne5 Be7
11. Qb3 d6 12. Nf3 Bd7 13. Rc1 g4 14. Nh4 Nh7 15. g3 Bc6 16. d5 Nc5 17. Qe3 Bxb5 18. cxb5 Qa5+ 19. Rc3 Qxa2 20. Nf5 Qb1+
21. Rc1 Qxf5 22. h3 gxh3 23. Bxh3 Qxd5 24. Rf1 Ng5 25. Rf5 Qh1+ 26. Bf1 Nce4 27. Rc7 b6 28. g4 Bd8 29. Rc4 O-O 30. Kd1 Re8
31. Rc6 Qh2 32. Qf4 Qg1 33. Rxd6 Nxd6 34. Qxd6 Re6 35. Qd7 Qg3 36. e4 Rd6+ 37. Qxd6 Qxd6+ 38. Rd5 Qb4 39. e5 Nf3 40. Kc1 Rc8+
41. Kd1 Qe1#
0-1